African Graph Puzzle Quiz Stats

 Plays Quiz Updated Dec 30, 2021

     
Support Sporcle.
Go Orange.
Score 0/49 Timer 15:00
6 Plays Today
% Correct
South
Africa
79.9%
Zim-
babwe
78.9%
Lesotho
77%
Western
Sahara
76.8%
Sudan
76.7%
Tunisia
76.7%
Libya
75.2%
Eswa-
tini
73.7%
Mozam-
bique
72.4%
Senegal
72.1%
Somalia
71.7%
Namibia
71.5%
Uganda
70.9%
D.R.C.
70.8%
Morocco
70.1%
Ethiopia
69.6%
Algeria
69.1%
Togo
68.9%
Egypt
68.9%
Gambia
68.4%
Bot-
swana
68.3%
Burkina
Faso
68.1%
Rwanda
67.8%
Rep.
Congo
67.7%
Zambia
67.5%
% Correct
Niger
66.5%
Sierra
Leone
66%
Burundi
65.8%
Ghana
65.5%
Angola
65.2%
Mali
65%
Mauri-
tania
64.7%
Eritrea
64.7%
South
Sudan
64.6%
Malawi
64.3%
Benin
64.1%
Tan-
zania
63.8%
Guinea-
Bissau
63.4%
Djibouti
63.3%
Kenya
63.3%
Guinea
62.7%
C.A.R.
62.3%
Liberia
62.1%
Côte
d’Ivoire
61.8%
Chad
60.7%
Gabon
60.7%
Nigeria
59.8%
Came-
roon
59.7%
Eq.
Guinea
59.4%

From the Vault

Mini Sudoku II

by 31415926535

It might be small, but that doesn't mean it's easy.
Remove Ads.
Support Sporcle.
Get the best of Sporcle when you Go Orange. This ad-free experience offers more features, more stats, and more fun while also helping to support Sporcle. Thank you for becoming a member.

Show Comments

Extras

Top Quizzes Today


Score Distribution

Your Account Isn't Verified!

In order to create a playlist on Sporcle, you need to verify the email address you used during registration. Go to your Sporcle Settings to finish the process.

Report this User

Report this user for behavior that violates our Community Guidelines.

Details: